Θησαυροί από το μητροπολιτικό μουσείο τέχνης της Νέας Υόρκης = Treasures from the metropolitan museum of art, New York : μνήμες και αναβιώσεις του κλασικού πνεύματος : memories and revivals of the classical spirit
Αποθηκεύτηκε σε:
| Μορφή: | Βιβλίο |
|---|---|
| Γλώσσα: | Greek |
| Δημοσίευση: |
Αθήνα :
Εθνική Πινακοθήκη, Μουσείο Αλεξάνδρου Σούτζου,
1979
|
| Θέματα: | |
| Ετικέτες: |
Προσθήκη ετικέτας
Δεν υπάρχουν, Καταχωρήστε ετικέτα πρώτοι!
|
MARC
| LEADER | 00000nam a2200000 i 4500 | ||
|---|---|---|---|
| 001 | 1/84441 | ||
| 008 | 970319s1979 gre d | ||
| 035 | |a 1989 |b 3 |c Δωρεά |l 10034442 | ||
| 040 | |a GR-MY-UA |b gre |e aacr | ||
| 041 | 0 | |a gre | |
| 082 | 0 | |a 708.147 | |
| 245 | 1 | 0 | |a Θησαυροί από το μητροπολιτικό μουσείο τέχνης της Νέας Υόρκης = |b Treasures from the metropolitan museum of art, New York : μνήμες και αναβιώσεις του κλασικού πνεύματος : memories and revivals of the classical spirit |
| 260 | |a Αθήνα : |b Εθνική Πινακοθήκη, |b Μουσείο Αλεξάνδρου Σούτζου, |c 1979 | ||
| 300 | |a 283 σ. | ||
| 500 | |a Υπουργείο Πολιτισμού και Επιστημών | ||
| 610 | 2 | 0 | |a Metropolitan Museum of Art (New York, N.Y.) |x Collections. |
| 650 | 0 | 0 | |a Classicism in art |x Exhibitions. |
| 650 | 0 | 0 | |a Neoclassicism (Art) |x Exhibitions. |
| 852 | |a INST |b RHODES |e 19970319 |h 708.147 ΘΗΣ |p 005400010344 |q 005400010344 |t BK |y 0 | ||
| 909 | |a Ρ |b 014987 |c 1989 | ||
| 970 | |z 2000/08/ΔΕΜΕΝΑΓΑΣ ΠΕΤΡΟΣ | ||